000 00722nam a2200229Ia 4500
003 OSt
005 20220923213755.0
006 a|||||r|||| 00| 0
007 ta
008 220922b |||||||| |||| 00| 0 hin d
024 _a164,405
037 _cTextual
040 _aARTS
_cARTS
_bhin
041 _2hin
_ahin
082 _aO152:1M89:9OR4, L3-;1-;2
100 _aउमेश
245 0 _aप्रसाद साहित्य में आदर्शवाद एवं नैतिक-दर्शन
246 _aPrasād sāhitya mean ādarshavād evan naitika-darshana
260 _c1973
942 _hO152:1M89:9OR4, L3-;1-;2
_cTEXL
_2CC
999 _c318885
_d318885